Vainqueurs de la Bundesliga - Mort Subite - Statistiques

Statistiques générales
  • Ce quiz a été pris 651 fois
  • Le résultat moyen est 5 sur 13
Answers on the Grid
Answers color-coded by a green-red scale on the quiz's grid according to % correct below.
1. FC Union Berlin
Bayer Leverkusen
Bayern Munich
Borussia Dortmund
Borussia Mönchengladbach
Eintracht Brunswick
Eintracht Francfort
FC Augsbourg
FC Cologne
FC Heidenheim
FC Kaiserslautern
Fortuna Düsseldorf
FC Magdebourg
FC Nuremberg
FC St. Pauli
FSV  Mayence
Hambourg SV
Hanovre 96
Hertha Berlin
Holstein Kiel
Karlsruher SC
RB Leipzig
SC Fribourg
SC Paderborn
SV Darmstadt 98
TSV Munich 1860
VfB Stuttgart
VfL Bochum
VfL Wolfsburg
Werder Brême
 
Statistiques - réponses
Réponse % Correct
Bayern Munich
81%
Borussia Dortmund
72%
Bayer Leverkusen
67%
VfB Stuttgart
52%
Werder Brême
43%
Hambourg SV
41%
VfL Wolfsburg
39%
Borussia Mönchengladbach
36%
FC Cologne
24%
FC Kaiserslautern
23%
FC Nuremberg
19%
TSV Munich 1860
14%
Eintracht Brunswick
4%
Aucun quiz correspondant
Distribution des résultats
% des personnes avec chaque résultat
Percentile par nombre de réponses
Votre historique - résultats
Vous n’avez pas pris ce quiz